[Event "Gdynia Olympiad Candid."]
[Site "Gdynia"]
[Date "1985.02.15"]
[Round "5"]
[White "Przewoznik, Jan"]
[Black "Sajko, Czeslaw"]
[Result "1/2-1/2"]
[WhiteElo "2285"]
[BlackElo "2230"]
[PlyCount "75"]
[EventDate "1985.02.??"]
[EventType "tourn"]
[EventRounds "11"]
[EventCountry "POL"]
[EventCategory "2"]
[SourceTitle "EXT 2001"]
[Source "ChessBase"]
[SourceDate "2000.11.22"]
[SourceVersion "1"]
[SourceVersionDate "2000.11.22"]
[SourceQuality "1"]

1. e4 c5 2. b3 Nc6 3. Bb2 d6 4. Bb5 Bd7 5. Qe2 a6 6. Bxc6 Bxc6 7. Nf3 e5 8. 0-0 Be7 9. c4 Nf6 10. Nc3 0-0 11. Ne1 g6 12. Nd3 Nh5 13. Nd5 Bf6 14. f4 exf4 15. Nxf6+ Nxf6 16. Nxf4 Qe7 17. Nd5 Nxd5 18. cxd5 Bb5 19. d3 f5 20. a4 Bd7 21. Qc2 h6 22. Rae1 fxe4 23. dxe4 Rxf1+ 24. Rxf1 Rf8 25. Qc3 Kh7 26. h3 b5 27. Rxf8 Qxf8 28. a5 b4 29. Qf6 Qxf6 30. Bxf6 Bb5 31. Kf2 c4 32. bxc4 Bxc4 33. Ke3 Kg8 34. h4 Kf7 35. Bb2 Bf1 36. g3 Ke7 37. Kf4 Bd3 38. Bd4 1/2-1/2